000 00560nam a2200193Ia 4500
005 20250507130352.0
008 008 250505s9999 xx 000 0 eng d
020 _a0-8248-1757-5
037 _aAnnuals, Advances
040 _aEASL
_beng
_cEASL
041 _aeng
_2eng
084 _aV42:58(Q), N6
_qEASL
100 _aO'Brien David Au.
_9665392
245 0 _aTo Dream of dreams
260 _aUSA
_bHonolulu University of Hawai Press
_c1996
300 _axvi,271p.
942 _cTEXL
_hV42:58(Q), N6
999 _c1319289
_d1319289